Purano kathā. (Record no. 85451)
[ view plain ]
| 000 -LEADER | |
|---|---|
| fixed length control field | 00491cam a22002051 4500 |
| 001 - CONTROL NUMBER | |
| control field | sa 68013938 |
| 003 - CONTROL NUMBER IDENTIFIER | |
| control field | DLC |
| 005 - DATE AND TIME OF LATEST TRANSACTION | |
| control field | 20260227112627.0 |
| 008 - FIXED-LENGTH DATA ELEMENTS--GENERAL INFORMATION | |
| fixed length control field | 890616m19621966ii 000 0 beno |
| 010 ## - LIBRARY OF CONGRESS CONTROL NUMBER | |
| LC control number | sa 68013938 |
| 035 ## - SYSTEM CONTROL NUMBER | |
| System control number | (OCoLC)19883011 |
| 040 ## - CATALOGING SOURCE | |
| Original cataloging agency | DLC |
| Transcribing agency | WaU |
| Modifying agency | DLC |
| 042 ## - AUTHENTICATION CODE | |
| Authentication code | premarc |
| 050 00 - LIBRARY OF CONGRESS CALL NUMBER | |
| Classification number | CT1508.D38 |
| Item number | A3 |
| 100 1# - MAIN ENTRY--PERSONAL NAME | |
| Personal name | Datta, Cārucandra, |
| Dates associated with a name | 1876-1952. |
| 245 10 - TITLE STATEMENT | |
| Title | Purano kathā. |
| 260 ## - PUBLICATION, DISTRIBUTION, ETC. | |
| Date of publication, distribution, etc. | [1962-66] |
| 300 ## - PHYSICAL DESCRIPTION | |
| Extent | 2 v. in 1 |
| Dimensions | 22 cm. |
| 500 ## - GENERAL NOTE | |
| General note | In Bengali. |
No items available.